02007nkm a2200385 i 45000010005000000030009000050050017000140070006000310080041000371000036000782450109001142600030002233000039002535000035002925110235003275180194005626000037007566000037007936000032008306000048008626000031009106000037009416000046009786000027010246000030010516000037010816100070011187100028011888520027012168560096012438560096013399420023014359990015014589520148014734135ES-MaACL20250809063444.0khrbo070628s1987 sp --- g |001||spa d0 aAlfonso,d1902-1990epht91985810aCiclo sobre "La izquierda española y la Perestroika en la URSS" [h[Fotografía] / cAlfonso (sello). a[Madrid : bs.n.], c1987 a6 fot. : bb. y n. ; c12 x 18 cm. aDatos basados en invitación.0 aIntervienen: José Antonio Moral Santín, Ramón Tamames, Juan José Chapero, Armando López Salinas, Guillermo Preciado, Felipe Clemente de Diego, José Palau, Jorge Ballón, Jaime Ballesteros; moderador: Carlos Semprún. aActo organizado por el Ateneo de Madrid, celebrado en el salón de actos los días 4 y 5 de noviembre de 1987, y en la sala de conferencias el día 6 de noviembre de 1987, a las 20:00 h.14aMoral Santín, José A.98295114aTamames, Ramón,d1933-923739114aChapero, Juan José93801314aLópez Salinas, Armando,d1925-201497395114aPreciado, Guillermo99373214aClemente de Diego, Felipe93920117aPalau, Joséc(político)2embne98849014aBallón, Jorge92507714aBallesteros, Jaime92503414aMendoza Bullón, Carlos910542224aAteneo de Madrid-xActos culturales-y1987-vFotografías.919022 aAteneo de Madrid.91875 aES-MaACLjFOT 200/19874 uhttp://www.ateneodemadrid.net/biblioteca_digital/imagenes/1987/0200_01-1987.jpgzVer imagen4 uhttp://www.ateneodemadrid.net/biblioteca_digital/imagenes/1987/0200_02-1987.jpgzVer imagen 2udccFOTOGRAFIAn0 c4135d4135 001040708Colección_digitalaATENEOMbATENEOMcDEPOZd2008-01-17eSCl0oFOT 200/1987p1004198r2023-02-23 00:00:00w2023-02-23yFOTOGRAFIA